000
00321nam a2200121Ia 4500
008
210430s9999 xx 000 0 und d
020
_a
978-0-387-75577-9
082
_a
620.5 C966N
100
_a
Zheng Cui
245
_a
Nanofabrication Principles, Capabilities and Limits
_c
Zheng Cui
300
_a
344
942
_c
BK
_2
ddc
999
_c
565132
_d
565132